[Event "Titled Tue 1st Jul Early"]
[Site "chess.com INT"]
[Date "2025.07.01"]
[Round "7"]
[White "Grabinsky, Vladimir"]
[Black "Yushko, Olga"]
[Result "0-1"]
[WhiteTitle "IM"]
[BlackTitle "WFM"]
[WhiteElo "2192"]
[BlackElo "2033"]
[WhiteFideId "14107074"]
[BlackFideId "14114500"]
[EventDate "2025.07.01"]

1. e4 Nf6 2. e5 Nd5 3. d4 d6 4. c4 Nb6 5. f4 dxe5 6. fxe5 Bf5 7. Nf3 e6 8. Be3
Bb4+ 9. Nc3 c5 10. dxc5 Qxd1+ 11. Rxd1 Na4 12. Kf2 Nxc3 13. bxc3 Bxc3 14. Bd3
Nd7 15. Bxf5 exf5 16. Rd3 Bb4 17. Rb1 a5 18. a3 Nxc5 19. Rd4 Bxa3 20. Rd5 Ne4+
21. Kf1 Bb4 22. Bd4 O-O 23. Rd7 Rfc8 24. Bb6 Rxc4 25. Rxb7 a4 0-1

[Event "Titled Tue 1st Jul Early"]
[Site "chess.com INT"]
[Date "2025.07.01"]
[Round "7"]
[White "Plichta, Kamil"]
[Black "Tikhonov, Viacheslav"]
[Result "1-0"]
[WhiteTitle "FM"]
[BlackTitle "CM"]
[WhiteElo "2361"]
[BlackElo "2183"]
[WhiteFideId "1141830"]
[BlackFideId "44196407"]
[EventDate "2025.07.01"]

1. Nf3 Nf6 2. g3 g6 3. Bg2 Bg7 4. b3 O-O 5. Bb2 d5 6. O-O c5 7. c4 d4 8. b4 a5
9. bxc5 Nc6 10. d3 Nd7 11. Ba3 a4 12. Nbd2 Qa5 13. Rb1 e5 14. Ng5 Rd8 15. Nge4
Bf8 16. Nd6 Qc7 17. Nb5 Qa5 18. Ne4 f5 19. Ned6 Ra6 20. e3 Kg7 21. exd4 exd4 22.
Re1 Nde5 23. Bb2 Nf7 24. Nxd4 Nxd4 25. Bxd4+ Kg8 26. Bd5 Bxd6 27. cxd6 Raxd6 28.
Rb5 Qc7 29. Qe2 b6 30. Qe8+ Rxe8 31. Rxe8# 1-0

[Event "Titled Tue 1st Jul Early"]
[Site "chess.com INT"]
[Date "2025.07.01"]
[Round "7"]
[White "Ankit Ray"]
[Black "Guliev, Gasan"]
[Result "1-0"]
[WhiteTitle "FM"]
[BlackTitle "CM"]
[WhiteElo "2248"]
[BlackElo "2123"]
[WhiteFideId "25770624"]
[BlackFideId "34165638"]
[EventDate "2025.07.01"]

1. Nf3 d5 2. g3 Nd7 3. Bg2 Nb6 4. d4 Bf5 5. O-O e6 6. Nh4 Bg6 7. Nxg6 hxg6 8. e4
dxe4 9. Bxe4 c6 10. c3 Nf6 11. Bg2 Bd6 12. a4 Qc7 13. a5 Nbd7 14. Nd2 Qd8 15.
Nc4 Bc7 16. b3 Kf8 17. a6 b5 18. Ne3 Nd5 19. c4 Nxe3 20. Bxe3 bxc4 21. bxc4 Rc8
22. d5 cxd5 23. cxd5 exd5 24. Bxa7 Nf6 25. Bd4 Qd7 26. a7 Ra8 27. Bxf6 gxf6 28.
Qxd5 Qg4 29. Qxa8+ Kg7 30. Qxh8+ 1-0

[Event "Titled Tue 1st Jul Early"]
[Site "chess.com INT"]
[Date "2025.07.01"]
[Round "7"]
[White "Hari, Madhavan N B"]
[Black "Belov, Alexei"]
[Result "1-0"]
[WhiteTitle "IM"]
[BlackTitle "IM"]
[WhiteElo "2365"]
[BlackElo "2421"]
[WhiteFideId "25054309"]
[BlackFideId "4128206"]
[EventDate "2025.07.01"]

1. d4 d5 2. Nf3 e6 3. c4 Nf6 4. Nc3 Be7 5. Bf4 O-O 6. e3 Nbd7 7. c5 c6 8. b4 b6
9. Be2 a5 10. a3 Ba6 11. Bxa6 Rxa6 12. b5 cxb5 13. c6 Qc8 14. c7 b4 15. Nb5 bxa3
16. h3 Bb4+ 17. Kf1 Ne4 18. g4 a4 19. Kg2 Ra5 20. Nxa3 Bd6 21. Bxd6 Nxd6 22. Qc2
b5 23. Rab1 Qa6 24. Rhc1 Nc4 25. Nxc4 dxc4 26. Ng5 f5 27. gxf5 Rxf5 28. Nxe6 Rf6
29. Qe4 Qc8 30. d5 a3 31. d6 a2 32. Ra1 Nb6 33. Nd8 Qd7 34. Nc6 Ra8 35. Ne7+ Kh8
36. Qxa8+ Nxa8 37. c8=Q+ Qxc8 38. Nxc8 Rf8 39. d7 Rd8 40. Rxa2 Nc7 41. Nb6 1-0

[Event "Titled Tue 1st Jul Early"]
[Site "chess.com INT"]
[Date "2025.07.01"]
[Round "7"]
[White "Guo, Felix"]
[Black "Zhukov, Ivan"]
[Result "1-0"]
[BlackTitle "CM"]
[WhiteElo "2091"]
[BlackElo "2044"]
[WhiteFideId "30997550"]
[BlackFideId "54114748"]
[EventDate "2025.07.01"]

1. e4 c5 2. Nf3 e6 3. c3 Nf6 4. e5 Nd5 5. d4 cxd4 6. c4 Nb6 7. Nxd4 d6 8. exd6
Bxd6 9. Nc3 Be5 10. Be3 O-O 11. Be2 Nc6 12. Nxc6 bxc6 13. O-O c5 14. Bxc5 Bxh2+
15. Kxh2 Qh4+ 16. Kg1 Rd8 17. Qc2 Bb7 18. Bxb6 axb6 19. Rad1 Rdc8 20. Rd7 Bc6
21. Rd6 Ra5 22. f3 Rh5 23. Rfd1 Qh2+ 24. Kf2 Qh4+ 25. Kf1 Qh1+ 26. Kf2 Qh4+ 27.
g3 Qh2+ 28. Ke3 Re5+ 29. Kd2 Qxg3 30. Kc1 g6 31. Qd2 Bxf3 32. Qh6 f5 33. Rd8+
Rxd8 34. Rxd8+ Kf7 35. Qf8# 1-0

[Event "Titled Tue 1st Jul Early"]
[Site "chess.com INT"]
[Date "2025.07.01"]
[Round "7"]
[White "Stevik, Patrik"]
[Black "Chiu, Isaac"]
[Result "1-0"]
[WhiteTitle "FM"]
[WhiteElo "2314"]
[BlackElo "2226"]
[WhiteFideId "14944812"]
[BlackFideId "30900654"]
[EventDate "2025.07.01"]

1. Nf3 g6 2. d4 Bg7 3. e4 d6 4. Nc3 a6 5. a4 b6 6. Bc4 e6 7. O-O Ne7 8. Re1 Nd7
9. Bg5 h6 10. Bh4 g5 11. Bg3 Ng6 12. e5 d5 13. Nxd5 exd5 14. Bxd5 Ra7 15. e6 Nf6
16. exf7+ Kf8 17. Bc4 c6 18. Qd3 Ne7 19. Ne5 Nfd5 20. Qa3 Rh7 21. Nxc6 Qd7 22.
Nxa7 Qxa7 23. Bxd5 Bf6 24. Bd6 Qd7 25. Be6 Qxe6 26. Rxe6 Bxe6 27. Re1 Kxf7 28.
Qd3 Bf5 29. Rxe7+ Kg6 30. Qxf5+ Kxf5 31. Rxh7 Bxd4 32. c3 Bc5 33. Bxc5 bxc5 34.
Rxh6 a5 35. Ra6 c4 36. Rxa5+ Kg4 37. h3+ Kh4 38. Kh2 g4 39. g3# 1-0

[Event "Titled Tue 1st Jul Early"]
[Site "chess.com INT"]
[Date "2025.07.01"]
[Round "7"]
[White "Karvatskyi, Oleksii"]
[Black "Fernandez Siles, Luis"]
[Result "1-0"]
[WhiteTitle "CM"]
[BlackTitle "FM"]
[WhiteElo "2258"]
[BlackElo "2170"]
[WhiteFideId "14191059"]
[BlackFideId "2209420"]
[EventDate "2025.07.01"]

1. Nc3 g6 2. h4 h5 3. e4 c5 4. d4 cxd4 5. Qxd4 Nf6 6. Nf3 Nc6 7. Qd3 d6 8. Bg5
Ng4 9. Qd2 Be6 10. Nd5 Bxd5 11. exd5 Nce5 12. Nxe5 Nxe5 13. Bb5+ Nd7 14. O-O-O
a6 15. Bd3 Qb6 16. Rhe1 Rc8 17. Qe2 f6 18. Bxg6+ Kd8 19. Be3 Qa5 20. Kb1 Ne5 21.
Bf5 Rc4 22. f4 Ra4 23. fxe5 Rxa2 24. Bb6+ Qxb6 25. Kxa2 1-0

[Event "Titled Tue 1st Jul Early"]
[Site "chess.com INT"]
[Date "2025.07.01"]
[Round "7"]
[White "Grandelius, Nils"]
[Black "Christiansen, Johan-Sebastian"]
[Result "1-0"]
[WhiteTitle "GM"]
[BlackTitle "GM"]
[WhiteElo "2642"]
[BlackElo "2642"]
[WhiteFideId "1710400"]
[BlackFideId "1512668"]
[EventDate "2025.07.01"]

1. d4 Nf6 2. c4 d6 3. Nc3 e5 4. Nf3 e4 5. Ng5 Qe7 6. e3 h6 7. Nh3 c6 8. Nf4 g6
9. Be2 Bg7 10. b4 O-O 11. a4 Re8 12. Ba3 Nbd7 13. a5 a6 14. h4 Nf8 15. Na4 Ne6
16. g3 Nxf4 17. gxf4 Bf5 18. h5 g5 19. fxg5 hxg5 20. h6 Bf8 21. d5 Nd7 22. Nb6
Nxb6 23. axb6 cxd5 24. Qxd5 Qf6 25. Ra2 Be6 26. Bb2 1-0

[Event "Titled Tue 1st Jul Early"]
[Site "chess.com INT"]
[Date "2025.07.01"]
[Round "7"]
[White "Storn, Justin"]
[Black "Ruiz Aguilar, Pablo Alexander"]
[Result "1-0"]
[BlackTitle "FM"]
[WhiteElo "2118"]
[BlackElo "2141"]
[WhiteFideId "30922720"]
[BlackFideId "4401352"]
[EventDate "2025.07.01"]

1. e4 c5 2. Nf3 e6 3. Be2 Nc6 4. O-O g6 5. c3 Bg7 6. d4 cxd4 7. cxd4 d5 8. e5
Nge7 9. Nc3 Bd7 10. Rb1 O-O 11. h4 h6 12. h5 g5 13. b4 Rc8 14. Be3 Nf5 15. Qd2
g4 16. Nh2 g3 17. fxg3 Nxg3 18. Rf3 Qh4 19. Bd3 Nxd4 20. Rf4 Qg5 21. Bxd4 1-0

[Event "Titled Tue 1st Jul Early"]
[Site "chess.com INT"]
[Date "2025.07.01"]
[Round "7"]
[White "Domin, Yan"]
[Black "Liashkevich, Lizaveta"]
[Result "1-0"]
[WhiteTitle "FM"]
[BlackTitle "WFM"]
[WhiteElo "2222"]
[BlackElo "2204"]
[WhiteFideId "34169342"]
[BlackFideId "13518658"]
[EventDate "2025.07.01"]

1. e4 e5 2. Nf3 Nc6 3. Nc3 Nf6 4. a4 Bc5 5. Nxe5 Nxe5 6. d4 Bd6 7. dxe5 Bxe5 8.
Bd3 O-O 9. O-O c6 10. Bg5 h6 11. Bh4 Qb6 12. Rb1 Re8 13. Kh1 d5 14. f4 Bg4 15.
Qe1 Bd4 16. e5 Nd7 17. Qg3 Bh5 18. Qh3 Nc5 19. Bf5 a5 20. g4 Bg6 21. Ne2 Ne4 22.
Bxg6 fxg6 23. Qd3 Be3 24. Rf3 Bf2 25. Bg3 g5 26. Rf1 Bxg3 27. hxg3 Qxb2 28. Nd4
Qb3 29. cxb3 1-0

[Event "Titled Tue 1st Jul Early"]
[Site "chess.com INT"]
[Date "2025.07.01"]
[Round "7"]
[White "Nugumanov, Bakhtiyar"]
[Black "Zakrzewski, Marek"]
[Result "0-1"]
[WhiteTitle "IM"]
[BlackTitle "FM"]
[WhiteElo "2305"]
[BlackElo "2288"]
[WhiteFideId "13701797"]
[BlackFideId "1170694"]
[EventDate "2025.07.01"]

1. e4 c5 2. Nf3 e6 3. d4 cxd4 4. Nxd4 Nc6 5. Nc3 Qc7 6. Be2 a6 7. Qd3 Nxd4 8.
Qxd4 b5 9. O-O Bb7 10. Re1 Nf6 11. Bf3 Bc5 12. Qd3 d6 13. Be3 Nd7 14. Bxc5 dxc5
15. Qe3 Ne5 16. Be2 O-O 17. Rad1 Rad8 18. Qg3 Rd4 19. f4 Ng6 20. f5 Qxg3 21.
hxg3 Ne5 22. Rxd4 cxd4 23. Nb1 Rc8 24. Bd3 Nxd3 25. cxd3 Rc2 26. Na3 Rxb2 27.
Rc1 Rxa2 28. Nc2 exf5 29. Nxd4 fxe4 30. Rc7 exd3 31. Rxb7 g6 32. Kf1 Ra1+ 33.
Kf2 d2 0-1

[Event "Titled Tue 1st Jul Early"]
[Site "chess.com INT"]
[Date "2025.07.01"]
[Round "7"]
[White "Van Baar, Esper"]
[Black "Gutman, Gennadi"]
[Result "1-0"]
[WhiteTitle "FM"]
[BlackTitle "GM"]
[WhiteElo "2232"]
[BlackElo "2445"]
[WhiteFideId "1049321"]
[BlackFideId "14102277"]
[EventDate "2025.07.01"]

1. Nf3 c6 2. g3 d6 3. Bg2 e5 4. O-O Nf6 5. d3 Be7 6. e4 Nbd7 7. Nbd2 O-O 8. Re1
Qc7 9. c3 Re8 10. Nf1 Nf8 11. Ne3 h6 12. Qc2 Be6 13. b3 Rad8 14. Bb2 d5 15. exd5
cxd5 16. d4 e4 17. Nd2 Ng6 18. Rac1 h5 19. c4 dxc4 20. bxc4 Qb8 21. Nxe4 Nxe4
22. Bxe4 Nf8 23. d5 Bd7 24. Nf5 Bxf5 25. Bxf5 Bg5 26. Rcd1 b5 27. c5 Rxe1+ 28.
Rxe1 Rxd5 29. c6 Rd2 30. Qc3 f6 31. c7 Qb6 32. Rf1 b4 33. Qc4+ Kh8 34. c8=Q Rd8
35. Q8c5 Qb7 36. Qc6 Qe7 37. Qc7 Qe8 38. Q4f7 1-0

[Event "Titled Tue 1st Jul Early"]
[Site "chess.com INT"]
[Date "2025.07.01"]
[Round "7"]
[White "Fernandez, Maria Florencia"]
[Black "Levitan, Caleb Levi"]
[Result "0-1"]
[WhiteTitle "WIM"]
[BlackTitle "FM"]
[WhiteElo "2163"]
[BlackElo "2399"]
[WhiteFideId "116459"]
[BlackFideId "14332620"]
[EventDate "2025.07.01"]

1. d4 d5 2. c4 e6 3. Nc3 Bb4 4. a3 Bxc3+ 5. bxc3 Nf6 6. e3 O-O 7. cxd5 exd5 8.
Bd3 c5 9. Ne2 Nc6 10. O-O Re8 11. f3 c4 12. Bb1 b5 13. Ng3 h5 14. e4 h4 15. Nh1
dxe4 16. fxe4 Bg4 17. Qe1 Nxd4 18. Nf2 Be2 19. cxd4 Bxf1 20. Qxf1 Qxd4 21. Ra2
Rad8 22. Bg5 Rd7 23. Re2 Ng4 24. Rd2 Qe5 25. Rxd7 Qxh2# 0-1

[Event "Titled Tue 1st Jul Early"]
[Site "chess.com INT"]
[Date "2025.07.01"]
[Round "7"]
[White "Kravtsiv, Martyn"]
[Black "Pranesh, M"]
[Result "0-1"]
[WhiteTitle "GM"]
[BlackTitle "GM"]
[WhiteElo "2598"]
[BlackElo "2592"]
[WhiteFideId "14113147"]
[BlackFideId "35028600"]
[EventDate "2025.07.01"]

1. e4 Nc6 2. Nf3 e5 3. d4 exd4 4. Nxd4 Bc5 5. Nb3 Bb6 6. Qe2 d6 7. Be3 Bxe3 8.
Qxe3 a5 9. a4 Nf6 10. Nc3 Be6 11. O-O-O Bxb3 12. cxb3 O-O 13. g4 Re8 14. g5 Nd7
15. f4 Nb4 16. h4 Nc5 17. Bc4 b5 18. axb5 a4 19. bxa4 Nxa4 20. Nxa4 Rxa4 21.
Bxf7+ Kxf7 22. Qb3+ d5 23. Qxa4 Rxe4 24. Qb3 Qd7 25. Rhe1 Rxf4 26. Rf1 Qf5 27.
Rxf4 Qxf4+ 28. Rd2 Qf1+ 29. Rd1 Qf4+ 30. Rd2 Ke7 31. b6 cxb6 32. h5 Kd6 33. g6
h6 34. Qd1 Qc4+ 0-1

[Event "Titled Tue 1st Jul Early"]
[Site "chess.com INT"]
[Date "2025.07.01"]
[Round "7"]
[White "Andriienko, Artom"]
[Black "Mafra, Kaiser Luiz"]
[Result "0-1"]
[BlackTitle "CM"]
[WhiteElo "2151"]
[BlackElo "2043"]
[WhiteFideId "34129510"]
[BlackFideId "2106698"]
[EventDate "2025.07.01"]

1. e4 c5 2. Nf3 d6 3. g3 Nf6 4. d3 g6 5. Bg2 Bg7 6. O-O O-O 7. Re1 Nc6 8. Nbd2
e5 9. a4 a5 10. Nc4 Rb8 11. h3 Ne8 12. Bg5 f6 13. Bd2 f5 14. exf5 Bxf5 15. Ne3
Be6 16. h4 Qc7 17. Ng5 Bf5 18. Nxf5 Rxf5 19. Ne6 Qd7 20. c4 Kh8 21. Nxg7 Qxg7
22. Be4 Rf7 23. h5 Nd4 24. hxg6 hxg6 25. Kg2 Nf6 26. Rh1+ Kg8 27. Bh6 Qh7 28.
Bg5 Qg7 29. Bxf6 Qxf6 30. Qd2 Rbf8 31. Bd5 Nb3 32. Qe3 Nxa1 33. Rxa1 Kg7 34. Rh1
Qxf2+ 35. Qxf2 Rxf2+ 36. Kg1 Rxb2 0-1

[Event "Titled Tue 1st Jul Early"]
[Site "chess.com INT"]
[Date "2025.07.01"]
[Round "7"]
[White "Movahed, Sina"]
[Black "Pranav, V"]
[Result "1-0"]
[WhiteTitle "GM"]
[BlackTitle "GM"]
[WhiteElo "2558"]
[BlackElo "2594"]
[WhiteFideId "42520835"]
[BlackFideId "25060783"]
[EventDate "2025.07.01"]

1. e4 e5 2. Nf3 Nc6 3. Bb5 a6 4. Ba4 Nge7 5. Nc3 d6 6. O-O Bd7 7. a3 g6 8. d4
Bg7 9. dxe5 Nxe5 10. Nxe5 dxe5 11. Bb3 O-O 12. Be3 Nc6 13. Nd5 Nd4 14. c3 Ne6
15. Qd2 Bc6 16. Rad1 Re8 17. f3 Qd6 18. Qf2 Qf8 19. Nxc7 Nxc7 20. Bc5 Re7 21.
Qh4 Rae8 22. Rd8 g5 23. Qxg5 h6 24. Qh4 Kh7 25. Rxe8 1-0

[Event "Titled Tue 1st Jul Early"]
[Site "chess.com INT"]
[Date "2025.07.01"]
[Round "7"]
[White "Milare, Tyron"]
[Black "Gajic, Mladen"]
[Result "0-1"]
[WhiteTitle "FM"]
[BlackTitle "FM"]
[WhiteElo "2217"]
[BlackElo "2246"]
[WhiteFideId "12987018"]
[BlackFideId "1709178"]
[EventDate "2025.07.01"]

1. d4 Nf6 2. c4 c5 3. d5 e6 4. f3 exd5 5. cxd5 d6 6. e4 g6 7. Nc3 Bg7 8. Bd3 a6
9. a4 Nbd7 10. Nge2 h5 11. Bf4 Qb6 12. a5 Qc7 13. Bc4 h4 14. Qd2 Nh5 15. Bg5 h3
16. g4 Ne5 17. gxh5 Nxf3+ 18. Kd1 Nxd2 19. Bxd2 Rxh5 20. Kc2 Bd7 21. Rhf1 Be5
22. Bf4 O-O-O 23. Bxe5 Rxe5 24. Rxf7 Ba4+ 25. Nxa4 Qxf7 26. Nac3 Rde8 27. Bd3
Qf2 28. Kb3 Qxh2 29. Rf1 Rxe4 30. Bxe4 Rxe4 31. Rf8+ Kc7 32. Nxe4 Qxe2 33. Rf7+
Kb8 34. Rf8+ Kc7 35. Rf7+ Kd8 36. Nxd6 Qd3+ 37. Ka4 Qxd5 38. Nxb7+ Ke8 39. Rc7
Qa2# 0-1

[Event "Titled Tue 1st Jul Early"]
[Site "chess.com INT"]
[Date "2025.07.01"]
[Round "7"]
[White "Carrasco Miranda, Andres"]
[Black "Silva, Mariana"]
[Result "0-1"]
[WhiteTitle "CM"]
[BlackTitle "WFM"]
[WhiteElo "2226"]
[BlackElo "2039"]
[WhiteFideId "3405990"]
[BlackFideId "1911899"]
[EventDate "2025.07.01"]

1. d4 d5 2. c4 e6 3. Nf3 Nf6 4. Nc3 a6 5. Bg5 dxc4 6. e4 h6 7. Bxf6 Qxf6 8. Bxc4
b5 9. Bd3 Bb7 10. O-O Nd7 11. Rc1 Qd8 12. a4 b4 13. Ne2 Be7 14. Ng3 O-O 15. e5
Nb6 16. Bb1 Nd5 17. Qd3 g6 18. Ne4 Rc8 19. Nc5 Ba8 20. Nxe6 Qd7 21. Nxf8 Rxf8
22. Rfe1 Nf4 23. Qe3 Qg4 24. g3 Nh3+ 25. Kg2 Ng5 26. h4 Bxf3+ 27. Kg1 Qh3 0-1

[Event "Titled Tue 1st Jul Early"]
[Site "chess.com INT"]
[Date "2025.07.01"]
[Round "7"]
[White "Tyukhanov, Alexey"]
[Black "Zhakshylykov, Erzhan"]
[Result "1-0"]
[WhiteTitle "CM"]
[BlackTitle "IM"]
[WhiteElo "2218"]
[BlackElo "2362"]
[WhiteFideId "24149829"]
[BlackFideId "13804111"]
[EventDate "2025.07.01"]

1. e4 c5 2. Nf3 e6 3. c3 Nf6 4. e5 Nd5 5. Bc4 Nb6 6. Bb3 c4 7. Bc2 d5 8. O-O Nc6
9. Re1 Bd7 10. d4 cxd3 11. Qxd3 Be7 12. Bf4 g5 13. Be3 g4 14. Bxb6 Qxb6 15. Nd4
Bc5 16. Ba4 Nxd4 17. Bxd7+ Kxd7 18. cxd4 Bxd4 19. Nc3 Bxf2+ 20. Kh1 Bxe1 21.
Rxe1 Rad8 22. Rf1 Kc8 23. Nb5 a6 24. Nd6+ Rxd6 25. exd6 Qxd6 26. Qc3+ 1-0

[Event "Titled Tue 1st Jul Early"]
[Site "chess.com INT"]
[Date "2025.07.01"]
[Round "7"]
[White "Perez Cruz, Adianet"]
[Black "Sahin, Sarp"]
[Result "1-0"]
[WhiteTitle "WFM"]
[BlackTitle "CM"]
[WhiteElo "1984"]
[BlackElo "2187"]
[WhiteFideId "3510115"]
[BlackFideId "51605066"]
[EventDate "2025.07.01"]

1. d4 c5 2. c3 Nf6 3. Nf3 d5 4. Bg5 Nc6 5. Nbd2 g6 6. Bxf6 exf6 7. e3 f5 8. Bb5
Bg7 9. dxc5 O-O 10. O-O a5 11. a4 Qe7 12. Nb3 Rd8 13. Nfd4 Ne5 14. c6 bxc6 15.
Nxc6 Nxc6 16. Bxc6 Rb8 17. Bb5 d4 18. exd4 Qc7 19. Re1 Rb6 20. Nxa5 Be6 21. Nb3
Bd5 22. Nc5 Rbd6 23. b4 Ba8 24. Bf1 f4 25. f3 h5 26. Bd3 h4 27. h3 Rd5 28. Be4
R5d6 29. Bxa8 Rxa8 30. a5 Rad8 31. Qe2 Qb8 32. a6 Qa7 33. Qe7 1-0

[Event "Titled Tue 1st Jul Early"]
[Site "chess.com INT"]
[Date "2025.07.01"]
[Round "7"]
[White "Erdogmus, Yagiz Kaan"]
[Black "Zhigalko, Sergei"]
[Result "1-0"]
[WhiteTitle "GM"]
[BlackTitle "GM"]
[WhiteElo "2626"]
[BlackElo "2572"]
[WhiteFideId "44599790"]
[BlackFideId "13502956"]
[EventDate "2025.07.01"]

1. e4 c5 2. b3 Nf6 3. e5 Nd5 4. Bb2 Nc6 5. Nf3 Nc7 6. Nc3 Ne6 7. Bc4 g6 8. Ne4
b6 9. h4 Bg7 10. Bxe6 dxe6 11. h5 Qd5 12. d3 Rg8 13. Nd6+ exd6 14. c4 Qxf3 15.
Qxf3 Bb7 16. hxg6 hxg6 17. Rh7 dxe5 18. O-O-O f5 19. Qg3 O-O-O 20. Qxg6 Nd4 21.
Bxd4 Bf8 22. Qxe6+ 1-0

[Event "Titled Tue 1st Jul Early"]
[Site "chess.com INT"]
[Date "2025.07.01"]
[Round "7"]
[White "Vokhidov, Shamsiddin"]
[Black "Tica, Sven"]
[Result "0-1"]
[WhiteTitle "GM"]
[BlackTitle "IM"]
[WhiteElo "2650"]
[BlackElo "2442"]
[WhiteFideId "14204223"]
[BlackFideId "14526948"]
[EventDate "2025.07.01"]

1. e4 g6 2. d4 Bg7 3. Nc3 c6 4. Nf3 d5 5. h3 dxe4 6. Nxe4 Nf6 7. Nxf6+ exf6 8.
Bd3 O-O 9. O-O a5 10. a4 Na6 11. c3 Nc7 12. Re1 Be6 13. Bf4 Nd5 14. Bh2 Qd7 15.
Nd2 Rfe8 16. Qf3 f5 17. Nc4 b6 18. Be5 f6 19. Bh2 Bf8 20. Re2 b5 21. axb5 cxb5
22. Na3 Bxa3 23. Rxa3 b4 24. cxb4 Nxb4 25. Qf4 Bd5 26. Rxe8+ Rxe8 27. Bf1 Re1
28. Qd2 Qe6 29. Re3 Rxe3 30. fxe3 Qe4 31. Bc7 Nc6 32. Bd3 Qe7 33. Bb6 Kf7 34.
Kf2 a4 35. Qc2 Nb4 36. Qc3 Nxd3+ 37. Qxd3 Qb7 38. Qb5 Bxg2 39. Qxa4 Qf3+ 40. Ke1
Qf1+ 41. Kd2 Qf2+ 42. Kc3 Qxe3+ 43. Kb4 Qd2+ 44. Ka3 Qd3+ 45. b3 Qe4 46. Bc5 Qa8
47. Ba7 Qc6 48. Qc4+ Bd5 49. Qe2 Qb7 50. Bc5 Qxb3# 0-1

[Event "Titled Tue 1st Jul Early"]
[Site "chess.com INT"]
[Date "2025.07.01"]
[Round "7"]
[White "Luong Phuong Hanh"]
[Black "Vlassov, Nikolai"]
[Result "1-0"]
[WhiteTitle "WIM"]
[BlackTitle "IM"]
[WhiteElo "2121"]
[BlackElo "2291"]
[WhiteFideId "12401013"]
[BlackFideId "4103360"]
[EventDate "2025.07.01"]

1. d4 Nf6 2. Nf3 g6 3. g3 b5 4. Bg2 Bb7 5. O-O Bg7 6. a4 b4 7. a5 Na6 8. c3 c5
9. dxc5 bxc3 10. Nxc3 Nxc5 11. Be3 Nce4 12. a6 Nxc3 13. bxc3 Be4 14. Bd4 O-O 15.
Qa4 Bc6 16. Qa3 d6 17. Rfd1 Qc7 18. Qb4 Rfb8 19. Qc4 Qc8 20. Ng5 Bxg2 21. Qxf7+
Kh8 22. Kxg2 e5 23. Bxa7 Qc6+ 24. Kg1 Rf8 25. Qe7 Qxc3 26. Rac1 Qa3 27. Ne6 Rg8
28. Nxg7 Ne4 29. Rc7 Rxa7 30. Rxa7 Qc5 31. Rf1 Qxa7 32. Qxa7 Rxg7 33. Qa8+ Rg8
34. Qxg8+ 1-0

[Event "Titled Tue 1st Jul Early"]
[Site "chess.com INT"]
[Date "2025.07.01"]
[Round "7"]
[White "Gulamirian, Korun"]
[Black "Zepeda Berlanga, Jan Enrique"]
[Result "0-1"]
[WhiteTitle "CM"]
[BlackTitle "CM"]
[WhiteElo "1890"]
[BlackElo "2011"]
[WhiteFideId "4144899"]
[BlackFideId "5132355"]
[EventDate "2025.07.01"]

1. e4 e5 2. Nf3 Nc6 3. Bc4 Bc5 4. c3 Nf6 5. d4 exd4 6. cxd4 Bb4+ 7. Nc3 Nxe4 8.
O-O Bxc3 9. bxc3 d5 10. Re1 O-O 11. Bd3 Re8 12. Qb3 a5 13. Bxe4 dxe4 14. Ng5 Qf6
15. Rxe4 Bf5 16. Rxe8+ Rxe8 17. Be3 b6 18. Re1 Qxg5 19. Qb5 Qg6 20. h4 Be4 21.
h5 Qxg2# 0-1

[Event "Titled Tue 1st Jul Early"]
[Site "chess.com INT"]
[Date "2025.07.01"]
[Round "7"]
[White "Zlatin, Alexander"]
[Black "Csonka, Balazs"]
[Result "0-1"]
[WhiteTitle "FM"]
[BlackTitle "IM"]
[WhiteElo "2313"]
[BlackElo "2467"]
[WhiteFideId "2810549"]
[BlackFideId "742910"]
[EventDate "2025.07.01"]

1. e4 e6 2. Nc3 c5 3. Nf3 Nc6 4. d4 cxd4 5. Nxd4 Nf6 6. Nxc6 bxc6 7. Bd3 d5 8.
O-O Be7 9. Bf4 O-O 10. e5 Nd7 11. Re1 Nc5 12. Bxh7+ Kxh7 13. Qh5+ Kg8 14. Re3 f6
15. Rg3 Qe8 16. Qh6 Qf7 17. Re1 Nd7 18. exf6 Bxf6 19. Rg6 e5 20. Re3 exf4 21.
Rh3 Qe7 22. g4 Ne5 23. g5 Bxh3 24. gxf6 Nf3+ 25. Kh1 Qe1+ 26. Rg1 Qxg1# 0-1

[Event "Titled Tue 1st Jul Early"]
[Site "chess.com INT"]
[Date "2025.07.01"]
[Round "7"]
[White "Fomevor, Cephas Clinton"]
[Black "Goswami, Vedant"]
[Result "1-0"]
[WhiteTitle "CM"]
[BlackTitle "FM"]
[WhiteElo "1883"]
[BlackElo "2057"]
[WhiteFideId "12601330"]
[BlackFideId "5003725"]
[EventDate "2025.07.01"]

1. d4 Nf6 2. c4 e6 3. Nf3 Bb4+ 4. Bd2 a5 5. a3 Bxd2+ 6. Nbxd2 d5 7. e3 O-O 8.
Rb1 a4 9. Be2 b6 10. O-O c5 11. Rc1 Nbd7 12. cxd5 Nxd5 13. Bb5 cxd4 14. Nxd4 Bb7
15. Bxa4 Nc5 16. Bc6 Bxc6 17. Nxc6 Qd6 18. Nd4 Rfd8 19. N2f3 e5 20. Nb5 Qc6 21.
Qe2 e4 22. Nfd4 Qf6 23. Rfd1 Nd3 24. Rb1 Rac8 25. f3 Nc5 26. fxe4 Nxe4 27. Rf1
Qg6 28. Rbd1 h6 29. Nf5 Kh7 30. Rxd5 Rxd5 31. Ne7 Qc6 1-0

[Event "Titled Tue 1st Jul Early"]
[Site "chess.com INT"]
[Date "2025.07.01"]
[Round "7"]
[White "Novikova, Anna"]
[Black "Sriansh Das"]
[Result "0-1"]
[WhiteTitle "WIM"]
[BlackTitle "FM"]
[WhiteElo "2179"]
[BlackElo "2340"]
[WhiteFideId "4146794"]
[BlackFideId "45030081"]
[EventDate "2025.07.01"]

1. e4 e6 2. d4 d5 3. e5 c5 4. c3 Nc6 5. Nf3 Qb6 6. a3 c4 7. Be2 Bd7 8. O-O Na5
9. Nbd2 Ne7 10. Rb1 Nc8 11. b4 cxb3 12. Nxb3 Nxb3 13. Rxb3 Qc7 14. Rb1 Nb6 15.
Bd2 Bxa3 16. Bd3 h6 17. Nh4 g5 18. Nf3 Be7 19. Ne1 O-O-O 20. c4 dxc4 21. Rc1 Kb8
22. Ba5 Bb5 23. Qe2 cxd3 24. Nxd3 Qd7 25. Qe3 Rc8 26. Rxc8+ Rxc8 27. Rb1 Nc4 28.
Qe4 Nxa5 29. Nc5 Bxc5 30. dxc5 Bd3 0-1